<?xml version="1.0" encoding="UTF-8"?>
<record
    xmlns:xsi="http://www.w3.org/2001/XMLSchema-instance"
    xsi:schemaLocation="http://www.loc.gov/MARC21/slim http://www.loc.gov/standards/marcxml/schema/MARC21slim.xsd"
    xmlns="http://www.loc.gov/MARC21/slim">

  <leader>02835cam a2200313   4500500</leader>
  <controlfield tag="005">20260208004345.0</controlfield>
  <datafield tag="041" ind1=" " ind2=" ">
    <subfield code="a">fre</subfield>
  </datafield>
  <datafield tag="042" ind1=" " ind2=" ">
    <subfield code="a">dc</subfield>
  </datafield>
  <datafield tag="100" ind1="1" ind2="0">
    <subfield code="a">Rothenberg, Julia</subfield>
    <subfield code="e">author</subfield>
  </datafield>
  <datafield tag="700" ind1="1" ind2="0">
    <subfield code="a">Fine, Gary Alan</subfield>
    <subfield code="e">author</subfield>
  </datafield>
  <datafield tag="245" ind1="0" ind2="0">
    <subfield code="a">Art Worlds and Their Ethnographers</subfield>
  </datafield>
  <datafield tag="260" ind1=" " ind2=" ">
    <subfield code="c">2008.
							</subfield>
  </datafield>
  <datafield tag="500" ind1=" " ind2=" ">
    <subfield code="a">5</subfield>
  </datafield>
  <datafield tag="520" ind1=" " ind2=" ">
    <subfield code="a">R&#xE9;sum&#xE9;Entre les ethnographes et les artistes, ou les autres travailleurs de la cr&#xE9;ation, s&#x2019;est nou&#xE9; un rapport passablement complexe. En effet, historiquement, les milieux artistiques partagent avec les sciences sociales des finalit&#xE9;s de r&#xE9;flexivit&#xE9; sociale et critique. En m&#xEA;me temps, les agents du monde de l&#x2019;art ont leurs propres int&#xE9;r&#xEA;ts vis-&#xE0;-vis des objectifs propres &#xE0; la recherche. Le pr&#xE9;sent article, qui s&#x2019;appuie sur une recherche ethnographique (observation participation et entretiens approfondis) men&#xE9;e avec des artistes professionnels et autodidactes, avec des commissaires et des marchands d&#x2019;art, &#xE9;tudie les diff&#xE9;rents aspects, positifs et n&#xE9;gatifs, d&#x2019;une collaboration entre le chercheur et ses informateurs au sein du monde artistique.</subfield>
  </datafield>
  <datafield tag="520" ind1=" " ind2=" ">
    <subfield code="a">Artists and other creative workers stand in a complex relationship to ethnographers because, historically, they have shared with social science the goals of social reflexivity and critique. At the same time, artworld agents have their own reputational and economic interests in the outcomes of the research. In this article, grounded in our ethnographic research (both participant observation and in-depth interviews) with professional and self-taught artists, collectors, curators, and dealers, we examine the positive and negative aspects of collaboration with artworld informants.</subfield>
  </datafield>
  <datafield tag="520" ind1=" " ind2=" ">
    <subfield code="a">ZusammenfassungDie Beziehung von K&#xFC;nstlern und Kreativen zu Ethnographen ist komplex, denn historisch betrachtet, teilen sie mit den Sozialwissenschaften das Anliegen der Reflektion und Kritik des Sozialen. Gleichzeitig aber verfolgen Kunstagenten dabei ihre eigenen Interessen der Reputation und Vermarktung. In diesem Artikel, basierend auf einer ethnographischen Studie (sowohl teilnehmende Beobachtung als auch Tiefeninterviews) mit professionellen K&#xFC;nstlern, Amateuren, Sammlern, Kuratoren und Kunsth&#xE4;ndlern, untersuchen die Autoren die positiven und negativen Aspekte der Zusammenarbeit mit Kennern der Kunstwelt.</subfield>
  </datafield>
  <datafield tag="690" ind1=" " ind2=" ">
    <subfield code="a">artistes</subfield>
  </datafield>
  <datafield tag="690" ind1=" " ind2=" ">
    <subfield code="a">ethnographie</subfield>
  </datafield>
  <datafield tag="690" ind1=" " ind2=" ">
    <subfield code="a">interviews</subfield>
  </datafield>
  <datafield tag="690" ind1=" " ind2=" ">
    <subfield code="a">monde de l'art</subfield>
  </datafield>
  <datafield tag="690" ind1=" " ind2=" ">
    <subfield code="a">observation participante</subfield>
  </datafield>
  <datafield tag="690" ind1=" " ind2=" ">
    <subfield code="a">artists</subfield>
  </datafield>
  <datafield tag="690" ind1=" " ind2=" ">
    <subfield code="a">artworld</subfield>
  </datafield>
  <datafield tag="690" ind1=" " ind2=" ">
    <subfield code="a">ethnography</subfield>
  </datafield>
  <datafield tag="690" ind1=" " ind2=" ">
    <subfield code="a">interviews</subfield>
  </datafield>
  <datafield tag="690" ind1=" " ind2=" ">
    <subfield code="a">participant observation</subfield>
  </datafield>
  <datafield tag="786" ind1="0" ind2=" ">
    <subfield code="n">Ethnologie fran&#xE7;aise | 38 | 1 | 2008-02-01 | p. 31-37 | 0046-2616</subfield>
  </datafield>
  <datafield tag="856" ind1="4" ind2="1">
    <subfield code="u">https://shs.cairn.info/journal-ethnologie-francaise-2008-1-page-31?lang=en&amp;redirect-ssocas=7080</subfield>
  </datafield>
  <datafield tag="999" ind1=" " ind2=" ">
    <subfield code="c">1649441</subfield>
    <subfield code="d">1649441</subfield>
  </datafield>
</record>
